Estudios Sobre el Desarrollo del Capitalismo/ (Registro nro. 7799)

Detalles MARC
000 -LEADER
fixed length control field 01055nam a2200193Ia 4500
005 - FECHA Y HORA DE LA ÚLTIMA TRANSACCIÓN
control field 20230417105826.0
008 - FIXED-LENGTH DATA ELEMENTS--GENERAL INFORMATION
fixed length control field 230416s9999 xx 000 0 und d
040 ## - CATALOGING SOURCE
Original cataloging agency UPAN
Transcribing agency Biblioteca San Vicente
Description conventions RCAA2
041 ## - LANGUAGE CODE
Language code of text/sound track or separate title spa
082 ## - DEWEY DECIMAL CLASSIFICATION NUMBER
Classification number 330.122
Item number D632e
100 ## - MAIN ENTRY--PERSONAL NAME
Personal name Dobb, Maurice
Relator code aut.
245 #0 - TITLE STATEMENT
Title Estudios Sobre el Desarrollo del Capitalismo/
Statement of responsibility, etc Maurice Dobb
250 ## - EDITION STATEMENT
Edition statement 5ª ed.
260 ## - PUBLICATION, DISTRIBUTION, ETC. (IMPRINT)
Place of publication, distribution, etc Argentina;
Name of publisher, distributor, etc siglo XXI,
Date of publication, distribution, etc 1975
300 ## - PHYSICAL DESCRIPTION
Extent 496 p.:
Dimensions 20 cm.
520 ## - SUMMARY, ETC.
Summary, etc Primero: Capitalismo<br/>Segundo: La declinación del feudalismo y el crecimiento de las ciudades<br/>Tercero: Los comienzos de la burguesía<br/>Cuarto: El surgimiento del capital industrial<br/>Quinto: Acumulación del capital y mercantilismo<br/>Sexto: Crecimiento del proletariado<br/>Séptimo: La revolución industrial y el siglo XIX<br/>Octavo: El periodo de entreguerras y su secuela<br/>Postscriptum: Después de la segunda guerra mundial<br/>Apéndice:<br/>La transición del feudalismo al capitalismo<br/>El preludio de la revolución industrial <br/>
650 ## - SUBJECT ADDED ENTRY--TOPICAL TERM
Source of heading or term LEMB
Topical term or geographic name as entry element Capitalismo
942 ## - ADDED ENTRY ELEMENTS (KOHA)
Koha item type Libros
Source of classification or shelving scheme Dewey Decimal Classification
Existencias
Withdrawn status Lost status Source of classification or shelving scheme Damaged status Not for loan Collection code Home library Current library Date acquired Total Checkouts Full call number Barcode Date last seen Price effective from Koha item type
    Dewey Decimal Classification     Colección General Biblioteca UPAN San Vicente Biblioteca UPAN San Vicente 16/04/2023   330.122 D632e 12000412 16/04/2023 16/04/2023 Libros